Pérdida de biodiversidad en agricultura: descripción, causas y alternativas /

Guardado en:
书目详细资料
主要作者: Alvarez Febles, Nelson
格式: Texto
标签: 添加标签
没有标签, 成为第一个标记此记录!

MARC

LEADER 00000 a a2200000 04500
001 7397
003
040
100 |a Alvarez Febles, Nelson  
245 |a Pérdida de biodiversidad en agricultura:   |b descripción, causas y alternativas /  |c Nelson Alvarez Febles 
773 |g número 11; páginas 73-82  
999 |c 32803  |d 32803